Kiên quyết, kiên trì đấu tranh phòng, chống tham nhũng, tiêu cực, góp phần xây dựng Đảng và Nhà nước ta ngày càng trong sạch, vững mạnh

Gespeichert in:
Bibliographische Detailangaben
1. Verfasser:  Nguyễn, Phú Trọng
Format: Buch
Sprache:Undetermined
Veröffentlicht:  Chính trị quốc gia Sự thật  2023
Schlagworte:
Tags: Tag hinzufügen
Keine Tags, Fügen Sie den ersten Tag hinzu!
Thư viện lưu trữ: Trung tâm Thư viện - Trường Đại học Công nghiệp TP. Hồ Chí Minh
LEADER 00752nam a2200157Ia 4500
001 IUH_2025_00021
008 251224s9999 xx 000 0 und d
082 |a  364.132309597 
100 |a  Nguyễn, Phú Trọng 
245 0 |a Kiên quyết, kiên trì đấu tranh phòng, chống tham nhũng, tiêu cực, góp phần xây dựng Đảng và Nhà nước ta ngày càng trong sạch, vững mạnh 
245 0 |c  Nguyễn, Phú Trọng 
260 |b  Chính trị quốc gia Sự thật 
260 |c  2023 
650 |a  Đảng Cộng sản Việt Nam; Phòng chống tham nhũng;  
927 |a Sách 
980 |a Trung tâm Thư viện - Trường Đại học Công nghiệp TP. Hồ Chí Minh